[Event "22nd Honor to National Resistance"]
[Site "Nikaia"]
[Date "2014.08.30"]
[Round "5.12"]
[White "Skaperdas, Kostantinos"]
[Black "Nikolaidou, Eleni"]
[Result "1/2-1/2"]
[WhiteElo "2102"]
[BlackElo "1825"]
[PlyCount "87"]
[EventDate "2014.08.26"]

1. e4 c6 2. d4 d5 3. e5 Bf5 4. Nd2 e6 5. Nb3 Nd7 6. Nf3 Qc7 7. Be2 h6 8. O-O
Ne7 9. a4 g5 10. Ne1 c5 11. Nxc5 Nxc5 12. dxc5 Nc6 13. Nd3 Bxd3 14. Bxd3 Bxc5
15. c3 Qxe5 16. Kh1 O-O-O 17. f4 Qc7 18. Qf3 Bd6 19. b4 gxf4 20. Bxf4 Bxf4 21.
Qxf4 Qxf4 22. Rxf4 Ne5 23. Bf1 Rd7 24. Re1 Ng6 25. Rf6 Rg8 26. g3 Rc7 27. Re3
Kd8 28. h4 Ke7 29. Rff3 Kd6 30. Rf6 Rgc8 31. h5 Ne5 32. Be2 Rxc3 33. Rxc3 Rxc3
34. Rxh6 Rxg3 35. Rh8 Ke7 36. Rb8 d4 37. Kh2 Re3 38. Bd1 Re1 39. h6 Rxd1 40. h7
Rd2+ 41. Kh1 Ng6 42. Rg8 Rd1+ 43. Kh2 Rd2+ 44. Kh1 1/2-1/2

[Event "22nd Honor to National Resistance"]
[Site "Nikaia"]
[Date "2014.08.30"]
[Round "5.13"]
[White "Grigoriadis, Mihail"]
[Black "Siamidis, Dimitrios"]
[Result "0-1"]
[WhiteElo "1981"]
[BlackElo "2065"]
[PlyCount "78"]
[EventDate "2014.08.26"]

1. e4 b6 2. d4 Bb7 3. Nc3 e6 4. Nf3 Bb4 5. Bd3 Nf6 6. Qe2 d5 7. exd5 Bxc3+ 8.
bxc3 Qxd5 9. c4 Qh5 10. Bf4 Bxf3 11. gxf3 c6 12. Rg1 Qa5+ 13. Bd2 Qa3 14. Rxg7
Qb2 15. Rd1 Nbd7 16. Be4 O-O-O 17. c5 Qxa2 18. Bxc6 Rhg8 19. Rxg8 Rxg8 20. Kf1
Nb8 21. Bb5 Qd5 22. cxb6 axb6 23. Bf4 Nfd7 24. Ra1 Qxd4 25. Bxd7+ Qxd7 26. Qc4+
Kb7 27. Be3 Rc8 28. Qb4 Qc6 29. Qa3 Qc4+ 30. Kg2 Na6 31. Rb1 Nc5 32. Rb4 Rg8+
33. Kh3 Qd5 34. Bxc5 Qxc5 35. Qb3 Qf5+ 36. Kh4 Qf6+ 37. Kh3 Qf5+ 38. Kh4 Qg5+
39. Kh3 Qg2+ 0-1

[Event "22nd Honor to National Resistance"]
[Site "Nikaia"]
[Date "2014.08.30"]
[Round "5.14"]
[White "Ioannidis, Evgenios"]
[Black "Alexakis, Georgios"]
[Result "1-0"]
[WhiteElo "2064"]
[BlackElo "1802"]
[PlyCount "77"]
[EventDate "2014.08.26"]

1. e4 c5 2. Nf3 d6 3. d4 cxd4 4. Nxd4 Nf6 5. Nc3 g6 6. Be3 Bg7 7. f3 O-O 8. Bc4
Nc6 9. Qd2 Nxd4 10. Bxd4 Be6 11. Bxe6 fxe6 12. O-O-O Qa5 13. Kb1 Nd7 14. Bxg7
Kxg7 15. h4 h6 16. f4 e5 17. f5 gxf5 18. Qe2 Nf6 19. exf5 h5 20. Ne4 Qa6 21.
Rd3 Nxe4 22. Qxe4 Qc6 23. Rg3+ Kf7 24. Qe2 Rh8 25. Rc3 Qd7 26. Qe4 Rag8 27.
Qd5+ Kf6 28. Rf1 Rg4 29. Rc7 Qxc7 30. Qe6+ Kg7 31. f6+ exf6 32. Qxf6+ Kh7 33.
Rf5 Qg7 34. Rxh5+ Kg8 35. Qd8+ Kf7 36. Qd7+ Kf6 37. Rf5+ Kg6 38. Qe6+ Kh7 39.
Rh5+ 1-0

[Event "22nd Honor to National Resistance"]
[Site "Nikaia"]
[Date "2014.08.30"]
[Round "5.15"]
[White "Sirigos, Nikolaos"]
[Black "Katopodis, Dimitrios"]
[Result "1-0"]
[WhiteElo "2256"]
[BlackElo "1780"]
[PlyCount "75"]
[EventDate "2014.08.26"]

1. b3 d5 2. Bb2 Nf6 3. e3 Bf5 4. f4 e6 5. Nf3 Be7 6. Be2 O-O 7. O-O c5 8. Nh4
Bg6 9. Nxg6 hxg6 10. Bf3 Nc6 11. Qe2 Qc7 12. Nc3 a6 13. g3 b5 14. Qg2 Rac8 15.
Rae1 Rfd8 16. d3 d4 17. Nd1 Nd5 18. e4 Nb6 19. e5 c4 20. Be4 cxb3 21. cxb3 Nb4
22. a3 Nc2 23. Re2 Nxa3 24. h4 Nd5 25. h5 gxh5 26. Qh3 h4 27. Bxa3 Bxa3 28.
Qxh4 Kf8 29. Bxd5 Rxd5 30. Qh8+ Ke7 31. Qxg7 Qd8 32. Ra2 b4 33. Nf2 Qh8 34.
Qg5+ f6 35. exf6+ Qxf6 36. Qg4 Rh8 37. Re1 Rdh5 38. Rae2 1-0

[Event "22nd Honor to National Resistance"]
[Site "Nikaia"]
[Date "2014.08.30"]
[Round "5.16"]
[White "Kalogridakis, Georgios"]
[Black "Kalodoukas, Odysseas"]
[Result "1/2-1/2"]
[WhiteElo "2114"]
[BlackElo "1918"]
[PlyCount "115"]
[EventDate "2014.08.26"]

1. e4 c5 2. Nf3 d6 3. Bb5+ Nc6 4. O-O Bd7 5. Re1 Nf6 6. c3 a6 7. Bf1 Bg4 8. h3
Bxf3 9. Qxf3 e6 10. d3 Be7 11. Qg3 Qd7 12. a4 O-O 13. Bh6 Ne8 14. Na3 Rb8 15.
Nc4 b5 16. axb5 axb5 17. Nd2 b4 18. Bg5 Nc7 19. Bxe7 Qxe7 20. Nc4 Rfd8 21. Qe3
bxc3 22. bxc3 Rb3 23. Qd2 Qf6 24. e5 Nxe5 25. Nxe5 dxe5 26. Qc2 Rb7 27. Reb1
Rxb1 28. Rxb1 h5 29. Qb3 Qe7 30. Qc4 Qd6 31. Rb7 Qc6 32. Ra7 Qb6 33. Ra1 g6 34.
Re1 Qd6 35. Qe4 Qd5 36. Qxe5 Qxe5 37. Rxe5 Rd5 38. Re4 Kf8 39. Rc4 Ne8 40. g3
Nd6 41. Ra4 Ke7 42. Kg2 Nc8 43. Ra5 Kd6 44. f4 Kc6 45. Kf2 Kb6 46. Ra2 Rd7 47.
Rb2+ Kc7 48. Ke2 Nd6 49. Bg2 Rd8 50. g4 hxg4 51. hxg4 Rb8 52. Rxb8 Kxb8 53. Ke3
Kc7 54. d4 Kb6 55. Bf3 Kb5 56. Kd3 Kb6 57. dxc5+ Kxc5 58. Bd1 1/2-1/2

[Event "22nd Honor to National Resistance"]
[Site "Nikaia"]
[Date "2014.08.30"]
[Round "5.17"]
[White "Sideris, Theodoros"]
[Black "Tsiros, Fragkiskos Vlasios"]
[Result "0-1"]
[WhiteElo "1915"]
[BlackElo "2108"]
[PlyCount "86"]
[EventDate "2014.08.26"]

1. e4 c5 2. c3 d5 3. exd5 Qxd5 4. d4 Nf6 5. Nf3 e6 6. Na3 Nc6 7. Be3 Ng4 8. c4
Qd8 9. Nc2 cxd4 10. Bxd4 Nxd4 11. Qxd4 Qxd4 12. Nfxd4 Bd7 13. Be2 Ne5 14. O-O
Rc8 15. b3 Bc5 16. Kh1 O-O 17. f4 Nc6 18. Nxc6 Bxc6 19. Bf3 Bxf3 20. Rxf3 Rfd8
21. Ne1 Rd2 22. Rd3 Rd8 23. Rxd8+ Rxd8 24. Nf3 Rd3 25. Ne1 Rd4 26. g3 f6 27.
Kg2 Rd2+ 28. Kh3 Kf7 29. Nf3 Rf2 30. Ne1 Bd4 31. Rd1 e5 32. fxe5 fxe5 33. a3
Ke6 34. Rd3 Kf5 35. b4 Ke4 36. Rb3 Rb2 37. Rxb2 Bxb2 38. a4 Bc3 39. Ng2 Kf3 40.
Nh4+ Kf2 41. Nf5 e4 42. Nd6 Kf3 43. Nb5 Bb2 0-1

[Event "22nd Honor to National Resistance"]
[Site "Nikaia"]
[Date "2014.08.30"]
[Round "5.18"]
[White "Lymperopoulos, Georgios"]
[Black "Pappelis, Dimitrios"]
[Result "0-1"]
[WhiteElo "1904"]
[BlackElo "2073"]
[PlyCount "62"]
[EventDate "2014.08.26"]

1. d4 d5 2. c4 e6 3. Nc3 c6 4. e3 Nf6 5. Nf3 Bd6 6. g4 h6 7. h3 Nbd7 8. Qc2 Qe7
9. Bd2 dxc4 10. Bxc4 b5 11. Bd3 Bb7 12. O-O-O Rc8 13. e4 b4 14. e5 bxc3 15.
Bxc3 c5 16. exd6 Qxd6 17. dxc5 Qf4+ 18. Nd2 Bxh1 19. Rxh1 Rxc5 20. Kb1 O-O 21.
Re1 Nd5 22. Ne4 Nxc3+ 23. Nxc3 Nf6 24. Qe2 Rb8 25. Ka1 Qb4 26. Rc1 Nd5 27. a3
Qf4 28. Qc2 Nxc3 29. bxc3 Ra5 30. Ka2 Qd6 31. a4 Qxd3 0-1

[Event "22nd Honor to National Resistance"]
[Site "Nikaia"]
[Date "2014.08.30"]
[Round "5.19"]
[White "Pandelidis, Ioannis"]
[Black "Tsaknakis, Zisis"]
[Result "1-0"]
[WhiteElo "2070"]
[BlackElo "1899"]
[PlyCount "107"]
[EventDate "2014.08.26"]

1. e4 c5 2. Nc3 Nc6 3. Bb5 e6 4. Nf3 a6 5. Bxc6 bxc6 6. d3 d5 7. O-O Bd6 8. Qe1
Ne7 9. b3 O-O 10. Na4 f6 11. c4 Ng6 12. Ba3 Nf4 13. Qd2 Qe8 14. Ne1 Qh5 15. f3
Ne2+ 16. Kf2 Nd4 17. Rh1 dxe4 18. dxe4 Rd8 19. Qa5 Re8 20. Rd1 Bxh2 21. Kf1 e5
22. Qxc5 Qh4 23. Nb6 Rb8 24. Nxc8 Rbxc8 25. Bb2 Ne6 26. Qf2 Qxf2+ 27. Kxf2 Bf4
28. Nc2 Red8 29. g3 Bh6 30. Ke2 Kf7 31. Bc3 Ke7 32. Ba5 Rxd1 33. Rxd1 Bg5 34.
Bb4+ c5 35. Bc3 Nd4+ 36. Bxd4 cxd4 37. Nb4 a5 38. Nd5+ Ke6 39. Rh1 a4 40. Kd3
axb3 41. axb3 Rb8 42. b4 f5 43. Ra1 fxe4+ 44. Kxe4 Rc8 45. Ra6+ Kf7 46. c5 Bd2
47. c6 Ke8 48. b5 d3 49. Kxd3 Be1 50. g4 g6 51. Ra7 h5 52. gxh5 gxh5 53. Rh7
Rd8 54. Rh8+ 1-0

[Event "22nd Honor to National Resistance"]
[Site "Nikaia"]
[Date "2014.08.30"]
[Round "5.20"]
[White "Balokas, Dimitrios"]
[Black "Nikoleris, Evangelos"]
[Result "1/2-1/2"]
[WhiteElo "2042"]
[BlackElo "1887"]
[PlyCount "127"]
[EventDate "2014.08.26"]

1. d4 d5 2. c4 e6 3. Nf3 Nf6 4. g3 Be7 5. Bg2 O-O 6. O-O dxc4 7. Ne5 Nc6 8.
Bxc6 bxc6 9. Nxc6 Qe8 10. Nxe7+ Qxe7 11. Qa4 c5 12. Qxc4 cxd4 13. Qxd4 Rd8 14.
Qh4 Rb8 15. Nc3 Ba6 16. Bg5 h6 17. Bxf6 Qxf6 18. Qxf6 gxf6 19. b3 Rd2 20. Rfe1
Rc8 21. Ne4 Rxe2 22. Rxe2 Bxe2 23. Nxf6+ Kg7 24. Ne4 Rc2 25. a4 Bf3 26. Nd6 Rb2
27. Nb5 a5 28. Nd4 Bd5 29. Rc1 Kf6 30. h4 e5 31. Nc6 Bxb3 32. Nxa5 Bxa4 33. Nc4
Rc2 34. Rxc2 Bxc2 35. Ne3 Bf5 36. f3 Be6 37. Kf2 Kg6 38. Ng2 Bh3 39. Ne1 Be6
40. Ke3 f6 41. Nd3 Bc4 42. Nc5 Bb5 43. Ne4 h5 44. Nd6 Bc6 45. f4 exf4+ 46. gxf4
Bd7 47. Ke4 Bc6+ 48. Kd4 Bd7 49. Kd5 Bh3 50. Kc6 Bg4 51. Kc7 Bh3 52. Kd8 Bg4
53. Ke7 Bh3 54. Kd8 Bg4 55. Kc7 Bh3 56. Kc6 Bg4 57. Kd5 Bd7 58. Ke4 Bc6+ 59.
Ke3 Bd7 60. Kf3 Bc6+ 61. Kg3 Bd7 62. Nc4 Kf5 63. Nb6 Be6 64. Na4 1/2-1/2

[Event "22nd Honor to National Resistance"]
[Site "Nikaia"]
[Date "2014.08.30"]
[Round "5.21"]
[White "Tsekouras, Vasilios"]
[Black "Kondopoulos, Dimitrios"]
[Result "1-0"]
[WhiteElo "1900"]
[BlackElo "2039"]
[PlyCount "167"]
[EventDate "2014.08.26"]

1. c4 c5 2. g3 g6 3. Bg2 Bg7 4. Nc3 Nc6 5. Nf3 e6 6. O-O Nge7 7. d3 d6 8. e4
O-O 9. h4 h6 10. Bf4 Kh7 11. Rb1 e5 12. Bd2 Bg4 13. Ne2 f5 14. Nh2 Bxe2 15.
Qxe2 Nd4 16. Qd1 f4 17. Nf3 Nec6 18. Bc3 Qd7 19. Kh2 Rae8 20. a3 Re7 21. Bxd4
Nxd4 22. Nxd4 exd4 23. Bh3 Qe8 24. h5 f3 25. Bg4 Kh8 26. Kg1 gxh5 27. Bxf3 h4
28. Bh5 Qd8 29. f4 hxg3 30. Qg4 Rg8 31. f5 Be5 32. Bg6 Reg7 33. Kg2 Bf6 34. Rh1
Bg5 35. Rh5 Rf8 36. Rbh1 Kg8 37. Qxg3 Qe7 38. Qh3 Rb8 39. Rxh6 Bxh6 40. Qxh6
Kf8 41. f6 Qxf6 42. Rf1 Ke7 43. Rxf6 Kxf6 44. Qf4+ Kxg6 45. Qxd6+ Kh7+ 46. Kf3
Rc8 47. e5 Rc6 48. Qf8 Kg6 49. Ke4 Kh7 50. b4 b6 51. Kd5 Rcc7 52. e6 Kg6 53.
Kd6 cxb4 54. axb4 a5 55. bxa5 bxa5 56. c5 Ra7 57. Qe8+ Kh6 58. Qa4 Rg8 59. c6
Rd8+ 60. Ke5 Kg6 61. Qd1 Raa8 62. Qg4+ Kh7 63. Qh5+ Kg7 64. Qf7+ Kh6 65. e7 Rg8
66. Qf4+ Kh7 67. Kf6 Rg6+ 68. Kf7 Rg7+ 69. Ke6 a4 70. c7 Rgg8 71. Qh4+ Kg6 72.
Qg4+ Kh6 73. Qxd4 a3 74. Qh4+ Kg6 75. Qg3+ Kh5 76. Qh2+ Kg4 77. Qa2 Kf3 78. d4
Rgc8 79. Kd7 Rg8 80. d5 Rg2 81. Qb3+ Kf4 82. c8=Q Rxc8 83. Kxc8 a2 84. Qa4+ 1-0

[Event "22nd Honor to National Resistance"]
[Site "Nikaia"]
[Date "2014.08.30"]
[Round "5.22"]
[White "Mitsis, Georgios"]
[Black "Malamatas, Konstantinos"]
[Result "1-0"]
[WhiteElo "1897"]
[BlackElo "1987"]
[PlyCount "70"]
[EventDate "2014.08.26"]

1. d4 Nf6 2. Nf3 g6 3. c4 Bg7 4. Nc3 O-O 5. e4 d6 6. Be2 Nbd7 7. Be3 e5 8. d5
h6 9. Nd2 Ne8 10. O-O f5 11. f3 f4 12. Bf2 g5 13. b4 Ndf6 14. c5 Bd7 15. a4 h5
16. Nc4 Bh6 17. b5 Bc8 18. a5 Qe7 19. b6 axb6 20. cxb6 cxb6 21. Nxb6 Rb8 22.
Rc1 Nc7 23. Nb5 Na6 24. Nc4 Ne8 25. Ba7 Bd7 26. Bxb8 Nxb8 27. Nb6 Na6 28. Nc3
Nc5 29. Nca4 Nxa4 30. Nxa4 Nf6 31. Nb6 g4 32. Rc7 Qd8 33. Qc2 gxf3 34. Bxf3 Bb5
35. Rc1 Ne8 1-0

[Event "22nd Honor to National Resistance"]
[Site "Nikaia"]
[Date "2014.08.30"]
[Round "5.23"]
[White "Ornithopoulos, Nikolaos"]
[Black "Kalofonos, Panayotis"]
[Result "1-0"]
[WhiteElo "1960"]
[BlackElo "1843"]
[PlyCount "77"]
[EventDate "2014.08.26"]

1. d4 d5 2. Bf4 Nf6 3. e3 c5 4. c3 Nc6 5. Nf3 Qb6 6. Qb3 c4 7. Qc2 Bf5 8. Qc1
e6 9. Nbd2 Be7 10. h3 h6 11. Be2 O-O 12. O-O Rfc8 13. Ne5 Nxe5 14. Bxe5 Qd8 15.
f3 b5 16. a3 a5 17. Qe1 b4 18. e4 Bh7 19. Kh2 Nd7 20. Bf4 Nb6 21. Bd1 b3 22.
Rf2 Na4 23. Nf1 Qf8 24. Ng3 Bh4 25. Qd2 f5 26. exd5 exd5 27. Re2 g5 28. Be5 f4
29. Nh5 Bd3 30. Nf6+ Kf7 31. Nxd5 Bg3+ 32. Kg1 Kg6 33. Bxb3 Bxe2 34. Bxa4 Bd3
35. Bc2 Bxc2 36. Qxc2+ Kf7 37. Qf5+ Ke8 38. Qe6+ Kd8 39. Bf6+ 1-0

[Event "22nd Honor to National Resistance"]
[Site "Nikaia"]
[Date "2014.08.30"]
[Round "5.25"]
[White "Liodakis, Konstantinos-Spyros"]
[Black "Nikolaou, Spiridon"]
[Result "1-0"]
[WhiteElo "2170"]
[BlackElo "1821"]
[PlyCount "99"]
[EventDate "2014.08.26"]

1. e4 c5 2. Nf3 e6 3. c3 d5 4. e5 Nc6 5. d4 Qb6 6. a3 a5 7. Bd3 Bd7 8. Bc2 Be7
9. O-O h5 10. Re1 Nh6 11. h3 g6 12. c4 dxc4 13. d5 exd5 14. Nc3 d4 15. Nd5 Qd8
16. Bxh6 Rxh6 17. Qc1 Rh8 18. Nf6+ Bxf6 19. exf6+ Be6 20. Bxg6 Kd7 21. Rxe6
fxe6 22. f7 Qf6 23. Be4 Ne5 24. Bxb7 Rab8 25. Nxe5+ Qxe5 26. Bf3 Rhf8 27. Qxc4
Rxf7 28. Qa6 Qd6 29. Qxa5 Rf5 30. Qd2 Qb6 31. Rb1 Rbf8 32. Qd3 Rc8 33. b3 Qd6
34. a4 Qb6 35. Be4 Rff8 36. Qd2 Qd6 37. a5 Rc7 38. Qe2 Rb8 39. Qxh5 c4 40. Rd1
cxb3 41. Qf7+ Kc8 42. Qg8+ Qd8 43. Qxe6+ Qd7 44. Qg8+ Qd8 45. Qg4+ Rd7 46. Rc1+
Qc7 47. Qg8+ Rd8 48. Bf5+ Kb7 49. Qxb3+ Ka8 50. Be4+ 1-0

[Event "22nd Honor to National Resistance"]
[Site "Nikaia"]
[Date "2014.08.30"]
[Round "5.26"]
[White "Theotokatos, Dionisis"]
[Black "Christidis, Savvas"]
[Result "1/2-1/2"]
[WhiteElo "2086"]
[BlackElo "1819"]
[PlyCount "43"]
[EventDate "2014.08.26"]

1. e4 e5 2. Nf3 Nf6 3. d3 Nc6 4. g3 Bc5 5. Bg2 O-O 6. O-O d6 7. Nbd2 Bg4 8. h3
Be6 9. c3 a6 10. Nb3 Bb6 11. c4 h6 12. Kh2 Qe7 13. Bd2 a5 14. Nc1 Nd7 15. g4
Nd4 16. Nxd4 Bxd4 17. Rb1 Qh4 18. Be1 Qg5 19. Ne2 Bb6 20. Ng3 Bd4 21. Ne2 Bb6
22. Ng3 1/2-1/2

[Event "22nd Honor to National Resistance"]
[Site "Nikaia"]
[Date "2014.08.30"]
[Round "5.27"]
[White "Hairopoulos, Stefanos"]
[Black "Korlotsidis, Spiridon"]
[Result "0-1"]
[WhiteElo "1779"]
[BlackElo "2048"]
[PlyCount "120"]
[EventDate "2014.08.26"]

1. d4 Nf6 2. Nf3 g6 3. Bg5 Ne4 4. Bh4 Bg7 5. Nbd2 Nf6 6. c3 d6 7. e4 O-O 8. Be2
Nbd7 9. O-O b6 10. Re1 Bb7 11. Bf1 e5 12. dxe5 dxe5 13. Qc2 h6 14. b4 Qe8 15.
Nc4 Nh5 16. Nfd2 f5 17. f3 g5 18. Bf2 f4 19. a4 Qg6 20. h3 Nhf6 21. a5 h5 22.
a6 Bc8 23. Nb2 g4 24. hxg4 hxg4 25. Bc4+ Kh8 26. Kf1 Nh5 27. Ke2 g3 28. Bg1
Nhf6 29. Be6 Nb8 30. Bxc8 Rxc8 31. Nd3 Nbd7 32. Qb3 Ne8 33. Qd5 Qd6 34. Qf7 Nf8
35. Red1 Qg6 36. Nxe5 Qxf7 37. Nxf7+ Kg8 38. Ng5 Bxc3 39. Rab1 Nd6 40. Rb3 Bf6
41. Nh3 Ne6 42. Rd3 Nb5 43. Rc1 c5 44. bxc5 bxc5 45. Nc4 Rc6 46. e5 Bg7 47. Ra1
Rb8 48. Kd2 Nbd4 49. Kd1 Rb4 50. Rc3 Nb5 51. Rcc1 Kf7 52. Ra2 Kg6 53. Nd6 Nxd6
54. exd6 Rxd6+ 55. Ke1 Rb5 56. Ra4 Kf5 57. Re4 Rxa6 58. Bxc5 Rxc5 59. Rxf4+
Nxf4 60. Rxc5+ Be5 0-1

[Event "22nd Honor to National Resistance"]
[Site "Nikaia"]
[Date "2014.08.30"]
[Round "5.28"]
[White "Tsomis, Dimitrios"]
[Black "Ropokis, Dimitrios"]
[Result "1-0"]
[WhiteElo "1987"]
[BlackElo "1678"]
[PlyCount "77"]
[EventDate "2014.08.26"]

1. e4 b6 2. d4 Bb7 3. Bd3 e6 4. Nf3 Nf6 5. Nbd2 c5 6. c3 d6 7. O-O Be7 8. Re1
O-O 9. Nf1 cxd4 10. cxd4 Ba6 11. Ng3 Bxd3 12. Qxd3 Nbd7 13. Bd2 h6 14. Rac1 Rc8
15. Qa6 Rxc1 16. Rxc1 Qb8 17. Bb4 Rd8 18. e5 Nd5 19. Bxd6 Bxd6 20. exd6 Nb4 21.
Qa4 Qxd6 22. Qxa7 Nd3 23. Rc2 e5 24. h3 exd4 25. Nf5 Qf6 26. N5xd4 N7c5 27. Nb3
Nxb2 28. Nxc5 Rd1+ 29. Kh2 bxc5 30. Qb8+ Kh7 31. Rxb2 Rd6 32. Qb3 Qf4+ 33. g3
Qf6 34. Kg2 Rc6 35. Qc2+ g6 36. Rb7 Rb6 37. Rc7 Rb2 38. Qxc5 Rxa2 39. Qc4 1-0

[Event "22nd Honor to National Resistance"]
[Site "Nikaia"]
[Date "2014.08.30"]
[Round "5.29"]
[White "Vazelakis, Dimitrios"]
[Black "Papathanasopoulos, Nikolaos"]
[Result "1-0"]
[WhiteElo "1985"]
[BlackElo "1578"]
[PlyCount "71"]
[EventDate "2014.08.26"]

1. c4 c5 2. Nc3 g6 3. Nf3 Bg7 4. d4 Nf6 5. g3 O-O 6. Bg2 cxd4 7. Nxd4 d6 8. O-O
Qa5 9. h3 Nc6 10. Nc2 Be6 11. Ne3 Qh5 12. g4 Qc5 13. Na4 Qa5 14. Bd2 Qa6 15.
Rc1 Ne5 16. b3 Rac8 17. Nc3 Rfd8 18. Be1 Ne8 19. Ncd5 Kf8 20. a4 Nc7 21. f4
Bxd5 22. Nxd5 Nc6 23. Bf2 Nxd5 24. Qxd5 Na5 25. Qd3 d5 26. Rcd1 d4 27. e3 Qb6
28. exd4 Qxb3 29. Qe4 Qxc4 30. f5 b6 31. fxg6 hxg6 32. Be3 Nb3 33. Qxg6 Kg8 34.
Qh5 Nxd4 35. Rde1 Ne6 36. Qxf7+ 1-0

[Event "22nd Honor to National Resistance"]
[Site "Nikaia"]
[Date "2014.08.30"]
[Round "5.30"]
[White "Petougias, Georgios"]
[Black "Routsi, Efthimios-Alexandro"]
[Result "0-1"]
[WhiteElo "1949"]
[BlackElo "1587"]
[PlyCount "96"]
[EventDate "2014.08.26"]

1. e4 e5 2. Nf3 Nc6 3. Bc4 Bc5 4. O-O d6 5. h3 Nf6 6. Re1 O-O 7. c3 Bb6 8. d4
exd4 9. cxd4 d5 10. exd5 Nxd5 11. Nc3 Be6 12. Bb3 Qd7 13. Bc2 Ndb4 14. Be4 Bxd4
15. a3 Bxc3 16. bxc3 Qxd1 17. Rxd1 Na6 18. Ng5 h6 19. Nxe6 fxe6 20. Be3 Na5 21.
Rab1 c6 22. Rd7 Rf7 23. Rbd1 Raf8 24. Bxa7 Nc4 25. Rxf7 Rxf7 26. Bg6 Rf8 27.
Rd4 Ne5 28. Bc2 Nc7 29. Re4 Nd7 30. Bb3 Re8 31. f4 Kf8 32. a4 b6 33. Rd4 Ke7
34. a5 Nb5 35. axb6 Nxd4 36. cxd4 Ra8 37. Kf2 Kf6 38. Ke3 Nxb6 39. Bxb6 Rb8 40.
Bxe6 Kxe6 41. Bc7 Rb3+ 42. Ke4 Kd7 43. Be5 Rg3 44. f5 Rxg2 45. Kf3 Rg5 46. Kf4
Rg1 47. h4 h5 48. Bb8 Rg4+ 0-1

[Event "22nd Honor to National Resistance"]
[Site "Nikaia"]
[Date "2014.08.30"]
[Round "6.1"]
[White "Kotronias, Vasilios"]
[Black "Kapnisis, Spyridon"]
[Result "1-0"]
[WhiteElo "2552"]
[BlackElo "2458"]
[PlyCount "79"]
[EventDate "2014.08.26"]

1. e4 e5 2. Nf3 Nc6 3. Bb5 a6 4. Ba4 d6 5. c3 Bd7 6. O-O g6 7. d4 Bg7 8. dxe5
Nxe5 9. Nxe5 dxe5 10. f4 exf4 11. Bxf4 Bxa4 12. Qxa4+ Qd7 13. Qxd7+ Kxd7 14.
Bxc7 f5 15. Bg3 Nh6 16. Nd2 Rae8 17. Rad1 Kc6 18. Nb3 Rd8 19. Na5+ Kb6 20. Nc4+
Kc6 21. Ne5+ Kb6 22. Nd7+ Ka7 23. Bh4 Rde8 24. Bf2+ Ka8 25. Nb6+ Kb8 26. Rd7
Be5 27. h3 fxe4 28. g4 Re6 29. Be3 g5 30. Rfd1 Bf4 31. Rd8+ Rxd8 32. Rxd8+ Kc7
33. Rc8+ Kd6 34. Bc5+ Ke5 35. Bd4+ Kd6 36. Kf1 Nf7 37. Bc5+ Ke5 38. Rf8 Kf6 39.
Nd7+ Kg7 40. Bd4+ 1-0

[Event "22nd Honor to National Resistance"]
[Site "Nikaia"]
[Date "2014.08.30"]
[Round "6.2"]
[White "Markantonaki, Haritomeni"]
[Black "Goumas, Georgios"]
[Result "0-1"]
[WhiteElo "2180"]
[BlackElo "2371"]
[PlyCount "68"]
[EventDate "2014.08.26"]

1. e4 c5 2. Nf3 Nc6 3. d4 cxd4 4. Nxd4 g6 5. c4 Bg7 6. Be3 Nf6 7. Nc3 d6 8. Be2
O-O 9. O-O Nxd4 10. Bxd4 Bd7 11. Qd2 Bc6 12. f3 Nd7 13. Bf2 a5 14. b3 Nc5 15.
Rac1 Qb6 16. Nd5 Bxd5 17. exd5 Qb4 18. Qe3 Rfe8 19. Bg3 a4 20. Rb1 Qa3 21. Qd2
axb3 22. axb3 Nxb3 23. Qd3 Nc5 24. Qxa3 Bd4+ 25. Kh1 Rxa3 26. Be1 Ra2 27. Bd1
Rea8 28. Bh4 f6 29. h3 g5 30. Bg3 f5 31. Bb3 Rd2 32. Be1 Nxb3 33. Rxb3 Rd1 34.
Rxb7 Kf7 0-1

[Event "22nd Honor to National Resistance"]
[Site "Nikaia"]
[Date "2014.08.30"]
[Round "6.3"]
[White "Panagiotakos, Nikolaos"]
[Black "Kourkoulos-Arditis, Stamatis"]
[Result "0-1"]
[WhiteElo "2146"]
[BlackElo "2296"]
[PlyCount "118"]
[EventDate "2014.08.26"]

1. e4 c5 2. Nf3 e6 3. d4 cxd4 4. Nxd4 Nc6 5. Nc3 Qc7 6. Be3 a6 7. Be2 Nf6 8. a3
Be7 9. O-O O-O 10. f4 d6 11. Qe1 Nxd4 12. Bxd4 b5 13. Qg3 Bb7 14. Bd3 g6 15. e5
dxe5 16. fxe5 Bc5 17. Bxc5 Qxc5+ 18. Kh1 Nh5 19. Qe1 Rad8 20. Ne4 Bxe4 21. Qxe4
Rd5 22. Rae1 f6 23. b4 Qb6 24. Qf3 f5 25. c4 Rd4 26. c5 Qc7 27. Bc2 Rfd8 28.
Qe3 Rd2 29. Bb3 R8d3 30. Bxe6+ Kg7 31. Qg5 h6 32. Qh4 Rd4 33. Qh3 Nf4 34. Rxf4
Rxf4 35. Qc3 Rdf2 36. Rg1 Re2 37. Bd5 Qxe5 38. Qxe5+ Rxe5 39. Bb7 Re3 40. g3
Rc4 41. Ra1 Rcc3 42. c6 Rc2 43. Bxa6 Rxc6 44. Bxb5 Rc7 45. a4 Rb3 46. a5 Rxb4
47. a6 Ra7 48. Bf1 Rb2 49. h4 g5 50. hxg5 hxg5 51. Ra5 Kf6 52. Bg2 Rb1+ 53. Kh2
Rh7+ 54. Bh3 g4 55. a7 Rxh3+ 56. Kg2 Rb2+ 57. Kg1 Rxg3+ 58. Kf1 Rc3 59. Ra6+
Kg5 0-1

[Event "22nd Honor to National Resistance"]
[Site "Nikaia"]
[Date "2014.08.30"]
[Round "6.4"]
[White "Papasimakopoulos, Alexandros"]
[Black "Michelakos, Panagiotis"]
[Result "1/2-1/2"]
[WhiteElo "2270"]
[BlackElo "2146"]
[PlyCount "55"]
[EventDate "2014.08.26"]

1. d4 Nf6 2. c4 e6 3. Nc3 Bb4 4. Qc2 O-O 5. a3 Bxc3+ 6. Qxc3 b6 7. Bg5 Bb7 8.
f3 h6 9. Bh4 d6 10. e3 Nbd7 11. Bd3 c5 12. Ne2 Rc8 13. O-O Qe7 14. e4 cxd4 15.
Qxd4 Nc5 16. Bc2 e5 17. Qe3 Ne6 18. Bd3 Rfe8 19. Rfd1 Ng4 20. fxg4 Qxh4 21. h3
g6 22. b3 Qg5 23. Qxg5 hxg5 24. Bc2 Red8 25. Rd2 Kf8 26. Rad1 Ke7 27. Kf2 Rd7
28. Ke3 1/2-1/2

[Event "22nd Honor to National Resistance"]
[Site "Nikaia"]
[Date "2014.08.30"]
[Round "6.5"]
[White "Tsolakidou, Stavroula"]
[Black "Ioannidis, Evgenios"]
[Result "1-0"]
[WhiteElo "2240"]
[BlackElo "2064"]
[PlyCount "65"]
[EventDate "2014.08.26"]

1. e4 c5 2. Nf3 d6 3. Bb5+ Nd7 4. O-O Ngf6 5. Re1 g6 6. c3 a6 7. Bf1 Bg7 8. d4
e5 9. dxe5 dxe5 10. Nbd2 O-O 11. a4 b6 12. Nc4 Bb7 13. Nd6 Bc6 14. Bc4 h6 15.
Nh4 b5 16. axb5 axb5 17. Rxa8 Qxa8 18. Bxb5 Bxb5 19. Nxb5 Qc6 20. c4 Nxe4 21.
Qf3 f5 22. Nc3 Nb6 23. b3 Qf6 24. Nxe4 fxe4 25. Qxf6 Bxf6 26. Nxg6 Ra8 27. h4
h5 28. g4 hxg4 29. h5 Kh7 30. Be3 Ra3 31. Rb1 Nd7 32. Rd1 Ra7 33. Rxd7+ 1-0

[Event "22nd Honor to National Resistance"]
[Site "Nikaia"]
[Date "2014.08.30"]
[Round "6.6"]
[White "Gkikas, Hristos"]
[Black "Alexakis, Dimitrios"]
[Result "1/2-1/2"]
[WhiteElo "1907"]
[BlackElo "2221"]
[PlyCount "44"]
[EventDate "2014.08.26"]

1. Nf3 g6 2. c4 Bg7 3. Nc3 d6 4. d4 f5 5. e4 c6 6. Bd3 fxe4 7. Nxe4 Nf6 8. O-O
Nxe4 9. Bxe4 Bg4 10. h3 Bxf3 11. Bxf3 O-O 12. Bg5 Qc7 13. Re1 e5 14. c5 dxc5
15. Qb3+ Kh8 16. dxe5 Nd7 17. e6 Ne5 18. Be4 h6 19. Bh4 g5 20. Bg3 Qe7 21. Rad1
c4 22. Qc2 Qxe6 1/2-1/2

[Event "22nd Honor to National Resistance"]
[Site "Nikaia"]
[Date "2014.08.30"]
[Round "6.7"]
[White "Karagiannis, Athanasios"]
[Black "Delithanasis, Dimitrios"]
[Result "1/2-1/2"]
[WhiteElo "2214"]
[BlackElo "2095"]
[PlyCount "66"]
[EventDate "2014.08.26"]

1. d4 d5 2. c4 e6 3. Nf3 c6 4. Nbd2 f5 5. g3 Nf6 6. Bg2 Bd6 7. Ne5 O-O 8. O-O
Nbd7 9. Ndf3 Ne4 10. Qc2 Qe7 11. Bf4 Ndf6 12. a4 dxc4 13. Ng5 Nxg5 14. Bxg5 Bd7
15. e4 Qe8 16. Bxf6 gxf6 17. Nxc4 Bc7 18. exf5 Qf7 19. Rad1 Rad8 20. Rfe1 Rfe8
21. Ne3 Ba5 22. Rf1 exf5 23. d5 f4 24. gxf4 Kh8 25. dxc6 bxc6 26. Kh1 Bc7 27.
Rxd7 Rxd7 28. Bxc6 Bxf4 29. Qf5 Bxe3 30. Bxd7 Re5 31. Qf3 Bd4 32. Qa8+ Kg7 33.
Rg1+ Rg5 1/2-1/2